[Event "ISR-chT"]
[Site "Israel"]
[Date "1999.02.26"]
[Round "5"]
[White "Tsesarsky, Ilya"]
[Black "Grinshpun, Eduard"]
[Result "1/2-1/2"]
[WhiteElo "2430"]
[BlackElo "2390"]
[Annotator "Tsesarsky,I"]
[PlyCount "72"]
[EventDate "1999.01.??"]
[EventType "team"]
[EventRounds "11"]
[EventCountry "ISR"]
[SourceTitle "CBM 069"]
[Source "ChessBase"]
[SourceDate "1999.04.01"]
[SourceVersion "1"]
[SourceVersionDate "1999.04.01"]
[SourceQuality "1"]

{[%mdl 8240]} 1. Nf3 f5 2. d4 Nf6 3. g3 e6 4. Bg2 d5 5. O-O Bd6 6. b3 Qe7 7. c4
c6 8. Bb2 O-O 9. Qc1 b6 (9... a5 10. Ba3 Bb4 11. Bxb4 axb4 12. a3 Nbd7 13. Qb2
$14) 10. Ba3 Bxa3 (10... c5 11. cxd5 (11. Nc3 Nbd7 (11... Bb7 12. cxd5 exd5 13.
Rd1 $14 (13. Nb5 Nbd7 14. Nxd6 Qxd6 15. e3 $14)) 12. dxc5 (12. Nb5 Bb8 13. dxc5
bxc5 (13... Nxc5 14. Nfd4 (14. cxd5 Nxd5 15. Nfd4 Bb7 16. e4 fxe4 17. Bxe4 a6
18. Nc3 Qf6 19. Bxd5 exd5 20. Qd2 Be5 21. Rad1 Rad8 $15) 14... a6 15. Nc3 (15.
Nc6 Qb7 16. Nbd4 e5 17. Nxb8 exd4 18. cxd5 Rxb8 $19) 15... Bb7 16. Qe3 Nfe4 17.
cxd5 $14) 14. cxd5 Nxd5 (14... exd5 15. Nbd4 $14) 15. Nbd4 Bb7 16. Ng5 $16 {
0-1 Leyva,H-Remon,A/Cuba 1991/Inf 54/ (29)}) (12. Rd1 Bb7 13. cxd5 exd5 14. Nh4
Ne4 15. Nxd5 Qf7 16. dxc5 $16 {1-0 Jelen,I-Kovacevic,B/Bled Slovenia 1995 (43)}
) 12... bxc5 13. cxd5 exd5 14. Nd4 $1 (14. Nh4 Qe6 (14... Nb6 15. Nb5 $16) 15.
Na4 Ba6 16. Nxc5 Bxc5 (16... Nxc5 17. Bxc5 Rac8 18. Qe3) 17. Bxc5 Rac8 18. b4
Nxc5 19. bxc5 Ne4 20. Qe3 $14 {1/2-1/2 Vul,A-Sideif_Sade,F/Moskva 1993/Inf 58/
(29)}) 14... Qe5 (14... cxd4 15. Nxd5 $18) (14... Nb6 15. Ncb5 $16) 15. Ncb5
Ba6 $2 {Vojinovic,G-Piskov,Y/Sibenik 1987/Inf 45 (15)} (15... g6 16. Nxd6 (16.
Nc6 Qe6 $14) 16... Qxd6 17. Nb5 $14) 16. f4 $18) 11... exd5 12. dxc5 bxc5 13.
Nc3 Na6 (13... Bd7 14. Rd1 Bc6 15. Nh4 Qe6 16. Nxd5 Nxd5 17. Qc4 Be5 18. Rac1
Rd8 19. Nxf5 Qxf5 20. Rxd5 $1 $18 {1-0 Hasecic,S-Martin,A/Baden-Baden GER 1989
(23)}) 14. Nb5 (14. Nd4 $5 Qb7 15. Ndb5 Be7 16. Rd1 Rd8 17. Qd2 Be6 18. Rac1
Rab8 19. Bb2 Qd7 20. Na3 d4 21. Na4 Ne4 $132) 14... Bb8 15. e3 Ne4 16. Rd1 Bb7
17. Qc2 $14) 11. Qxa3 Qxa3 12. Nxa3 a5 (12... Nbd7 13. Rac1 (13. Rfc1 Bb7 14.
cxd5 (14. Rc2 Rfe8 15. e3 a5 16. Rac1 Ne4 17. Ne1 Rac8 18. Nd3 Ba6 19. b4 Nd6
20. bxa5 (20. b5 cxb5 21. cxd5 b4 $132 {1/2-1/2 Paehtz,T-Panchenko Alexander N/
Bad Woerishofen GER 1995 (31)}) 20... bxa5 21. Nb2 $14) 14... exd5 15. Nc2 Rac8
16. Nce1 (16. Ne3 Ng4 $132) (16. Nb4 c5 17. Nd3 c4 18. Nde5 Nxe5 19. Nxe5 cxb3
20. axb3 $14 {1-0 Koch,W-Boecker,J/NRW 1991 (68)}) 16... c5 17. e3 Rfe8 18. Nd3
$14) 13... Ba6 14. Rfd1 h6 15. e3 Rac8 16. Bf1 c5 17. cxd5 Bxf1 18. Kxf1 Nxd5
19. Nb5 a6 20. Nd6 Rc6 21. Nc4 Rfc8 22. Nfe5 Nxe5 23. dxe5 b5 24. Nd6 R8c7 25.
Nxf5 $16 {1-0 Rizzitano,J-Weiss,M/Chicago USA- ,EXT 1989 (41)}) (12... Bb7 13.
Ne5 Nbd7 14. Nd3 a5 15. Rac1 g5 16. Rc2 Rfe8 17. Rfc1 Kf8 18. Nb1 Ke7 19. Nd2
h6 20. a3 $14 {1/2-1/2 Krallmann,M-Lamprecht,M/Open, Lohmar GER 1997 (41)}) 13.
Rfc1 Bb7 14. cxd5 $5 $14 (14. Ne5 Rc8 15. Nc2 Na6 16. Ne1 c5 17. dxc5 Nxc5 18.
N1d3 Rc7 19. cxd5 exd5 20. Nxc5 {1/2-1/2 Danner,G-Timmer,R/Lugano 1989 (20)})
14... exd5 15. Ne5 Rc8 (15... Ng4 16. Nxc6 (16. Nxg4 fxg4 17. Nc2 Na6 18. Ne3
Rae8 19. Rc2 Nb4 20. Rd2 $14) 16... Bxc6 17. Rxc6 Nxc6 18. Bxd5+ Rf7 19. Bxc6
Rd8 20. Nb5 $14) 16. Nc2 g6 17. Ne3 Nbd7 18. Nd3 $6 $11 (18. f4 $1 $14 Nxe5 19.
fxe5 (19. dxe5 Ne4 20. Bxe4 fxe4 (20... dxe4 21. Nc4 $16) 21. Ng4 Kf7 22. Nf6
h6 23. Kf2 Ke6 $15) 19... Ne4 20. Bxe4 fxe4 21. Ng4 h5 22. Nf6+ Kf7 23. Rf1 Ke6
24. Nh7 Ke7 25. Rf6 $14) 18... Nf8 19. Nf4 (19. Nd1 Ne6 20. e3 c5 21. dxc5 bxc5
22. N1b2 $132) 19... Re8 20. Rc2 Ne6 21. Nxe6 Rxe6 22. Rac1 Ne4 $6 $14 (22...
Rae8 23. Kf1 (23. Bf3 Ne4 24. Nd1 Ng5 $15) (23. b4 axb4 24. Rb1 Nd7 25. Rxb4
Kf7 $132) 23... Ne4 24. Nd1 g5 25. Nb2 Nf6 26. Nd3 (26. Na4 Ba6 $132) 26... Ba6
27. Ne5 c5 28. f4 cxd4 29. Rd2 d3 30. exd3 gxf4 31. gxf4 Ne4 $132) 23. Nd1 a4
$5 (23... Rae8 $14) 24. b4 a3 $2 $16 (24... Rae8 25. b5 (25. Nb2 b5 26. Nd3 Nd6
27. Rxc6 $5 (27. Kf1 Nc4 28. Nc5 R6e7 $11) 27... Bxc6 28. Rxc6 Ne4 29. Rc2 Kg7
30. Ne5 R8e7 31. f3 Nf6 32. f4 Ne4 33. Bxe4 dxe4 34. Rc5 Rb7 35. Kf2 Rd6 36.
Ke3 Kf6 37. d5 g5 38. Kd4 gxf4 39. gxf4 $14) 25... cxb5 (25... c5 26. Bxe4 Rxe4
27. dxc5 bxc5 28. e3 $16) 26. Rc7 R8e7 27. Nb2 (27. Ne3 b4 $17) 27... b4 28.
Nxa4 (28. Rxe7 Rxe7 29. Nxa4 Nc3 30. Nxc3 Rc7 31. Kf1 bxc3 32. Ke1 Kf7 33. Kd1
Ke6 34. Kc2 Ba6 35. Kb3 Bc4+ 36. Kb4 Bxe2 37. Rxc3 Rxc3 38. Kxc3 g5 (38... f4
39. Bh3+ Kf6 40. gxf4 $16) 39. f4 gxf4 40. gxf4 h6 $11) 28... Nc3 29. Rxe7
Nxe2+ 30. Kf1 Rxe7 $17) (24... b5 $1 25. Nb2 Rae8 26. Nd3 Nd6 (26... R8e7 27.
Ne5 $16) 27. Rxc6 $1 (27. e3 Nc4 28. Nc5 R6e7 $11) 27... Bxc6 28. Rxc6 Ne4 29.
Rc2 $14) 25. b5 $1 (25. e3 $14) 25... cxb5 $6 (25... c5 $5 $16 26. f3 $2 (26.
Bxe4 $1 Rxe4 27. dxc5 bxc5 28. Rxc5 $2 (28. f3 $1 Re6 (28... Rb4 29. Rxc5 $16)
29. Kf2 (29. Rxc5 Rxe2 $132) 29... c4 30. Rd2 Kf7 31. Nc3 $16) 28... Rxe2 29.
Nc3 Rb2 30. Rc7 d4 31. Rxb7 dxc3 32. Rxc3 Rxa2 33. Rcc7 Ra1+ 34. Kg2 a2 35.
Rg7+ Kf8 36. Rbf7+ Ke8 37. Rg8+ Kxf7 38. Rxa8 Ke6 39. b6 Rb1 $11) 26... Nd6 (
26... Nf6 27. dxc5 bxc5 28. Rxc5 Rxe2 29. Rc7 Rb8 30. Nc3 Rb2 31. Bf1 $14) 27.
dxc5 bxc5 28. Rxc5 Rxe2 29. Nc3 Rb2 $132) 26. Rc7 Ba6 (26... Rb8 27. Ne3 b4 28.
Rb1 Nc3 29. Rxb4 Bc6 (29... Rc6 30. Bxd5+ Nxd5 31. Nxd5 Rxc7 32. Nxc7 Rc8 33.
Rc4 Bd5 34. Rc3 Bxa2 35. Rxa3 Rxc7 (35... Bc4 36. Ra8 Rxa8 37. Nxa8 b5 (37...
Bxe2 38. Nxb6 Kf7 39. f4 $16) 38. Kf1 b4 39. Nb6 Bb5 40. Nd5 b3 41. Ke1 b2 42.
Nc3 Ba4 43. Kd2 Kf7 44. Nb1 $16) 36. Rxa2 $16) 30. Kf1 Nxa2 31. Rb3 Ra8 (31...
Nc1 32. Rxa3 $18) 32. Rxc6 $18) 27. Ne3 b4 28. Nxd5 b3 29. axb3 a2 $2 $18 (
29... Rd6 30. Bxe4 fxe4 31. Nc3 Rxd4 32. Ra1 Rc8 (32... Bc8 33. Nb5 Rd2 34.
Rxa3 $18) 33. Rxc8+ Bxc8 34. Rxa3 $16) 30. Ra1 Bxe2 31. Nf4 Ra3 32. Nxe6 Rxb3
33. Rxa2 $4 (33. Rg7+ Kh8 34. Ra7 Rb1+ 35. Bf1 Kg8 36. R7xa2 $18) (33. Rcc1 $18
) 33... Rb1+ 34. Bf1 Rxf1+ 35. Kg2 Rxf2+ 36. Kg1 Rf1+ 1/2-1/2

[Event "RUS-chT 05th"]
[Site "Maikop"]
[Date "1998.06.10"]
[Round "8"]
[White "Shipov, Sergei"]
[Black "Dyachkov, Sergej"]
[Result "1-0"]
[WhiteElo "2620"]
[BlackElo "2510"]
[Annotator "Tyomkin,D"]
[PlyCount "81"]
[EventDate "1998.06.03"]
[EventType "team-tourn"]
[EventRounds "11"]
[EventCountry "RUS"]
[SourceTitle "CBM 066"]
[Source "ChessBase"]
[SourceDate "1998.09.30"]
[SourceVersion "1"]
[SourceVersionDate "1998.09.30"]
[SourceQuality "1"]
[WhiteTeam "Moscow Apiko-Yakimanka"]
[BlackTeam "Saratov GShK"]
[WhiteTeamCountry "RUS"]
[BlackTeamCountry "RUS"]

1. d4 {Hecht} e6 2. c4 f5 3. g3 Nf6 4. Bg2 c6 5. Nf3 d5 6. O-O Bd6 7. Qc2 O-O
8. b3 Qe7 9. Ne5 Nbd7 10. Bb2 Ne4 11. e3 (11. f3 Ng5 12. f4 $6 Ne4 13. Nd2 Ndf6
14. a3 Bd7 15. b4 Nxd2 $11 {Ballmann,M-Heymann,U/Bad Ragaz op 1994/1-0(35)})
11... Nxe5 $146 (11... g5 12. f3 Nef6 13. Nd2 Qg7 14. cxd5 cxd5 15. Rac1 Ne8
16. f4 g4 17. Nb1 Qe7 18. Qe2 Ndf6 19. Rc2 Bd7 20. Rfc1 a6 21. Qe1 Ng7 22. Qa5
Rfc8 23. Ba3 $14 {Langeweg,K-Perez Garcia,H/NED-sf 1996/1/2-1/2(45)}) (11...
Qf6 12. f3 (12. Nd3 $5) 12... Ng5 13. f4 Ne4 14. Ba3 Bxa3 15. Nxa3 Nxe5 16.
dxe5 $14 {Kozlovskaya,V-Struchkova,S/RUS-chW 1997/1-0 (53)}) 12. dxe5 Bc5 13.
Nc3 a5 (13... Nxc3 14. Qxc3 (14. Bxc3 b5 15. cxb5 cxb5 16. Bd4 Ba3 17. Bb2 Bb7
$14 (17... Bxb2 18. Qxb2 Bb7 19. Rfc1 $14)) 14... b5 (14... b6) 15. cxb5 cxb5
16. Rfc1 Bb6 17. Qd2 {[%cal Gb2d4]} Bb7 18. Bd4 $14) 14. Ne2 b6 15. Rfd1 Bb7
16. Nf4 a4 17. Nd3 axb3 18. axb3 Rxa1 19. Rxa1 Ra8 20. Rxa8+ Bxa8 21. cxd5 exd5
(21... cxd5 22. b4 $18 {[%csl Ra8]}) 22. Qc1 Qa7 $2 {losing a pawn.} (22... Bb7
$142 $14) 23. Bxe4 fxe4 24. Nxc5 bxc5 25. Ba3 Qe7 26. Qc3 Bb7 27. Bxc5 Qd7 28.
Qa5 Bc8 $4 (28... h5 $1 {[%cal Gd7g4,Gd7f5,Yg8h7]} 29. h4 (29. Bd6 Qg4 30. Qd8+
Kh7 31. h4 (31. Qf8 Qd1+ 32. Kg2 Ba6) 31... Qd1+ 32. Kh2 Qf1 (32... Qf3) 33.
Qf8 Bc8 $11) 29... Bc8 $14 {[%cal Gg8f7]}) {[%tqu "En","","","","e5e6","",10]}
29. e6 $3 $18 Qxe6 (29... Qe8 30. e7 $18) 30. Qd8+ Kf7 31. Qf8+ Kg6 32. Bd4 Qd7
{[%tqu "En","","","","d4g7","",5]} 33. Bxg7 $1 Qxg7 $6 (33... Qf5 34. Bf6 Qxf6
(34... h6 35. Qg7+ Kh5 36. h3 $1 $18) 35. Qxc8 Kg7 36. Qg4+ Kh8 $18) 34. Qxc8
Qa1+ 35. Kg2 Qf6 $2 {Now white changes queens and gets winning pawn ending.} (
35... Qc3 36. b4 $1) 36. Qg4+ Kf7 37. Qf4 Qxf4 38. gxf4 {[#] Hecht: Der weiße
Mehrbauer setzt sich durch, wenn Weiß den schwarzen Freibauernkandidaten auf
der c-Linie nicht außer acht läßt.} c5 39. Kf1 (39. f3 $4 {Hecht} c4 40. bxc4
dxc4 41. Kf2 c3 42. Ke2 exf3+ $19) 39... Ke6 40. Ke2 Kf5 41. f3 (41. f3 {Hecht}
d4 42. Kf2 d3 43. fxe4+ Kxe4 44. Ke1 Kf5 45. Kd2 Ke4 46. f5 Kxf5 47. Kxd3 Kg4 (
47... Ke5 48. Kc4 Kd6 49. e4 h5 50. h4 Ke5 51. Kxc5 Kxe4 52. b4 Kf4 53. b5 Kg4
54. b6 Kxh4 55. b7 $18) 48. Kc4 Kh3 (48... h5 49. e4 $18) 49. e4 $18) 1-0

[Event "RUS-chT 05th"]
[Site "Maikop"]
[Date "1998.06.06"]
[Round "4"]
[White "Zakharevich, Igor"]
[Black "Ulybin, Mikhail"]
[Result "1/2-1/2"]
[WhiteElo "2530"]
[BlackElo "2575"]
[Annotator "Tyomkin,D"]
[PlyCount "40"]
[EventDate "1998.06.03"]
[EventType "team-tourn"]
[EventRounds "11"]
[EventCountry "RUS"]
[SourceTitle "CBM 066"]
[Source "ChessBase"]
[SourceDate "1998.09.30"]
[SourceVersion "1"]
[SourceVersionDate "1998.09.30"]
[SourceQuality "1"]
[WhiteTeam "Cherepovets Severstal"]
[BlackTeam "Ekaterinburg Agat"]
[WhiteTeamCountry "RUS"]
[BlackTeamCountry "RUS"]

1. d4 e6 2. c4 f5 3. g3 Nf6 4. Bg2 c6 5. Nf3 d5 6. O-O Bd6 7. Qc2 O-O 8. b3 Qe7
9. Ne5 Ne4 $146 (9... b5 $146 10. Nd2 Bb7 11. Ndf3 bxc4 12. bxc4 c5 13. dxc5
Bxc5 14. Rb1 Ne4 15. Qb3 Bb6 16. Ba3 $14 {Shipov,S-Apicella,M/Open, Cappelle
la Grande FRA 1998/1-0(37)}) (9... Bd7 10. Nd2 (10. e3 Be8 11. Nc3 Nbd7 12.
Nxd7 Bxd7 13. Bb2 g5 $6 14. a4 g4 $6 15. Qc1 $1 {[%cal Gb2a3]} Ne4 16. Bxe4
fxe4 17. Ba3 $16 {Fakhretdinov,R-Moroz,A/Decin op 1997/1-0 (52)}) 10... Be8 11.
Ndf3 Ne4 (11... Bh5 12. Nd3 Nbd7 13. Bf4 Ne4 14. Bxd6 Nxd6 15. e3 Bxf3 $11 {
Kabatianski,A-Jussupow,A/BL9697 1997/1/2-1/2(39)}) 12. Nd3 Nd7 13. Nfe5 Nxe5
14. dxe5 Ba3 15. Be3 b6 16. Rab1 Nc5 17. Rfd1 Nxd3 18. exd3 Bh5 $11 {Notkin,
M-Sabaev,E/Zepter Open, Minsk BLR 1998/1-0 (52)}) (9... b6 10. cxd5 cxd5 11.
Nc4 $1 Nc6 12. Nxd6 Qxd6 13. Qc3 (13. Bf4 Qd7 14. Qb2 Ba6 15. Rc1 Rac8 16. Na3
Qe7 17. Rd1 h6 18. Rac1 g5 19. Be3 Ng4 20. Bd2 $14 {Hillarp Persson,
T-Gleizerov,E/Excelsior Cup 1997/1/2-1/2 (45)}) 13... a5 14. Bf4 Qd7 15. Rc1
Bb7 16. Nd2 Ne4 17. Qb2 Nxd2 18. Qxd2 $14 {Cifuentes Parada,R-Ulibin,M/
Benasque op 1996/1-0(44)}) 10. Bb2 b6 11. Nd2 Bb7 (11... Nxd2 12. Qxd2 Bxe5 13.
dxe5 dxc4 14. bxc4 Rd8 15. Qc2 Bb7 16. e4 $14) 12. Nxe4 fxe4 13. f3 c5 $1 14.
dxc5 (14. fxe4 Bxe5 15. Rxf8+ Qxf8 16. dxe5 d4 $1 17. Rf1 Qe7 18. e3 dxe3 19.
Qd3 Nc6 20. Qxe3 (20. Qd6 $2 Rd8) 20... Rd8 {[%csl Gd4,Re5]}) 14... Bxe5 $1 15.
Bxe5 Qxc5+ 16. Kh1 Nd7 {Now bla ck succesfully finishes development.} 17. Qb2
Nxe5 18. Qxe5 Rae8 19. Rac1 (19. fxe4 dxc4 20. Rxf8+ Qxf8 21. bxc4 Qf6 $1)
19... Rf5 20. Qb2 exf3 1/2-1/2

[Event "Mitropa Cup 19th"]
[Site "Baden"]
[Date "1999.04.09"]
[Round "8"]
[White "Tratar, Marko"]
[Black "Bellini, Fabio"]
[Result "0-1"]
[WhiteElo "2450"]
[BlackElo "2418"]
[Annotator "Tyomkin,D"]
[PlyCount "76"]
[EventDate "1999.04.01"]
[EventType "team-tourn"]
[EventRounds "9"]
[EventCountry "SUI"]
[SourceTitle "CBM 071"]
[Source "ChessBase"]
[SourceDate "1999.08.01"]
[SourceVersion "1"]
[SourceVersionDate "1999.08.01"]
[SourceQuality "1"]

1. d4 d5 2. Nf3 e6 3. c4 c6 4. Qc2 Bd6 5. g3 f5 6. Bg2 Nf6 7. O-O O-O 8. b3 Qe7
9. Bb2 Bd7 10. Ne5 Be8 11. Nd2 Nbd7 12. Ndf3 (12. Nd3 Bf7 13. Nf3 dxc4 14. bxc4
c5 15. e3 Rfc8 16. Nfe5 Rc7 17. f4 Be8 $11 {0-1 Cifuentes Parada,R-Nikolic,P/
Rotterdam NED 1999 (85)}) 12... Bh5 13. Rfc1 $146 (13. Nd3 Kh8 14. Nfe5 Rac8
15. Rac1 Ne4 $2 16. f3 Ng5 17. Nf4 $16 {0-1 Kirusha,A-Moiseenko,A/Petrov mem,
St Petersburg RUS 1998 (34)}) (13. Ne1 Ng4 14. N1d3 Rac8 15. e3 g5 16. Rae1
Ngf6 17. c5 Bc7 18. b4 $14 {1/2-1/2 Cebalo,M-Ivkov,B/Sarajevo 1986 (40)}) (13.
cxd5 cxd5 14. Rac1 Rad8 15. Qd3 Nb8 16. h3 Ne4 $11 {0-1 Paunovic,T-Beliavsky,A/
YUG-chT Cetinje ,EXT 1992 (36)}) 13... Ng4 14. Nxd7 Qxd7 15. e3 Rae8 16. a4 Kh8
17. Ba3 Bxa3 18. Rxa3 Nh6 19. Ne5 $14 {White has reached clear advantage from
the opening.The following plan of play for white is to advance queenside pawns.
} Qe7 20. Ra2 $6 (20. b4 $1 {White rook is situated perfectly on 3rd rank,and
white can continue to play on the queenside.} Qxb4 $140 21. Rb3 Qxa4 (21... Qe7
22. Qb2 $16) 22. Rxb7 $16) 20... g5 {Black is preparing f5-f4 break,and on the
other hand this move is weakening black king.} 21. cxd5 $6 (21. f4 {looks much
more logical,stopping all blacks activities on the kingside.}) 21... exd5 22.
b4 $6 (22. f4 Ng4 23. Qd2 {and white is clearly better.}) 22... f4 23. exf4
gxf4 24. Qd2 Ng4 25. Nxg4 Bxg4 26. b5 Qd7 27. bxc6 bxc6 28. gxf4 $2 (28. Rac2
f3 29. Bf1 Re6 30. Rb2 {[%cal Gc1b1]}) (28. Rb2 $142 f3 29. Bf1 $14 {[%cal
Gc1b1]}) 28... Rg8 29. Ra3 Re2 30. Qb4 Qf5 (30... Qc7 31. Rf1 Qxf4 32. Rg3 {
-31...Qxf4}) 31. Rg3 (31. Qd6 Rg6 32. Qb8+ Rg8 33. Qd6 $11) 31... Rxf2 {
[%mdl 512]} (31... Qxf4 32. Rf1 Rd2 (32... h5 33. h3 $1) 33. Qb7 {and this
position is equal about.}) 32. Kxf2 Qxf4+ 33. Bf3 Bxf3 34. Rxg8+ Kxg8 35. Rxc6
$4 {[%mdl 8192] This horrible blunder allows black to mate whites king.After
accurate 35.Rc3 or 35.Qc3 black doesn't have more than draw.} (35. Rc3 Be4+ 36.
Kg1 Bf3 $1 {and black gets a draw.}) (35. Qc3 Be4+ (35... Bd1+ $2 36. Ke1 Bxa4
37. Qg3+) 36. Kg1 (36. Ke1 Qxh2) 36... Bd3 $1 $11) {[%tqu "En","Find mate in 5.
","","","f3g4","",5]} 35... Bg4+ 36. Kg2 Qf3+ 37. Kg1 Qe3+ 38. Kg2 Bh3+ 0-1

[Event "Ubeda op 5th"]
[Site "Ubeda"]
[Date "2000.01.27"]
[Round "9"]
[White "Hauchard, Arnaud"]
[Black "Tregubov, Pavel V"]
[Result "1/2-1/2"]
[WhiteElo "2513"]
[BlackElo "2615"]
[Annotator "Tyomkin,D"]
[PlyCount "92"]
[EventDate "2000.01.19"]
[EventType "swiss"]
[EventRounds "10"]
[EventCountry "ESP"]
[SourceTitle "CBM 075"]
[Source "ChessBase"]
[SourceDate "2000.04.05"]
[SourceVersion "1"]
[SourceVersionDate "2000.04.05"]
[SourceQuality "1"]

1. d4 {Meulders} d5 2. c4 e6 3. Nf3 c6 4. Nbd2 f5 5. g3 Nf6 6. Bg2 Bd6 7. O-O
O-O 8. Qc2 b6 9. b3 Bb7 10. Ne5 (10. cxd5 cxd5 11. Ne5 Qe7 12. Ndf3 Rc8 13. Qd1
Nbd7 14. Bf4 {1/2-1/2 Wojtkiewicz,A-Matlak,M/POL-ch 1992/CBM 29 ext (14)})
10... Qe7 {This setup of black pieces is very useful in this opening
line-black gets equal play by pushing c6-c5.} 11. Ndf3 (11. Bb2 a5 12. Rac1 Na6
13. Qb1 Ne4 14. Nxe4 fxe4 15. cxd5 cxd5 16. f3 $14 {1-0 Sulava,N-Billio,A/
Bozen 1992/TD (34)}) 11... Rc8 $146 {Black plan is clear-to push c6-c5 as fast
as possible.} (11... Ne4 12. Nd3 Nd7 13. Bf4 Rac8 14. Bxd6 Qxd6 15. Rac1 c5 $11
{1/2-1/2 Pieniazek,A-Gleizerov,E/Koszalin 1998/CBM 65 ext (25)}) (11... a5 12.
Nd3 Na6 13. Bf4 Rac8 14. Bxd6 Qxd6 15. Rac1 c5 16. cxd5 exd5 17. dxc5 bxc5 18.
e3 Ne4 $11 {[%cal Ga6b4] 1/2-1/2 Shneider,A-Bjerke,R/Espoo 1988/EXT 97 (37)})
12. Nd3 Na6 (12... a5 $5 {is another idea in this structure.}) 13. Bf4 {
Meulders: 'Ein Standardmanöver um den eigenen schlechten Laüfer gegen den
guten schwarzen zu tauschen.'} Bxf4 (13... c5 14. Bxd6 Qxd6 15. Rfd1 $11) 14.
Nxf4 c5 15. dxc5 Nxc5 16. Rac1 (16. cxd5 e5 $1 $15 {[%csl Rf4]}) 16... Nce4 $15
{White can not prevent creature of isolated pawn on c4, which will be a
weakness.} (16... dxc4 17. Qxc4 $11) 17. Ne5 dxc4 18. bxc4 (18. Nxc4 $2 b5 {
[%cal Rc8c2]}) 18... Rc7 {[%csl Rc4]} 19. Nfd3 Rac8 20. Qa4 Nc5 21. Qb4 Bxg2 {
Meulders: 'Jetzt ist auch Schwarz seinen schlechten Läufer los.'} 22. Kxg2 Kf8
{Just a preparation for forthcoming ending.} 23. Rfd1 Nxd3 24. Qxe7+ Kxe7 25.
exd3 {[%mdl 4096]} Nd7 26. Re1 $2 {Untill the moment white defended Ok, but in
this mment he missed a real chance to get an equality.} (26. Nxd7 Rxd7 27. f4
Rcd8 28. Rc3 $11 {[%cal Gg2f3,Gf3e3]}) 26... b5 27. Nxd7 Kxd7 28. Red1 (28.
Rcd1 bxc4 29. dxc4+ Ke7 30. Rd5 {[%cal Rd5f5]} Rc5 31. Rxc5 Rxc5 32. Rb1 Kd6
$17) 28... Rc5 (28... Ke7 29. Rc3 bxc4 30. Rdc1 $11) (28... Ke7 {Meulders}) 29.
Rb1 {'!' Meulders.} bxc4 30. dxc4+ Ke7 31. Rb7+ R8c7 32. Rxc7+ Rxc7 $17 33. Rd4
$2 {'?!' Meulders.} (33. Rc1 $142 e5 {[%csl Rc4,Rg2]}) (33. Rc1 {Meulders})
33... Rc5 $1 $19 (33... e5 34. Rd5 Ke6 35. Ra5 $11) 34. a3 {'?' Meulders.} (34.
f4 Ra5 35. Rd2 Ra4 36. Rc2 Kd6 $19 37. Rd2+ Kc5 38. Rd7 Rxa2+ $19 {[%csl Ra7]
[%cal Gc5c4]}) (34. f4 {Meulders}) 34... e5 {'-/+' Meulders.} 35. Rh4 h6 36. h3
Kf6 37. Kf1 e4 38. g4 f4 {'-+' Meulders.} 39. Ke1 {The game passed to the
time-trouble's stage and black missed a win in totaly winning position by two
last moves of the time-truble.} g6 {'?' Meulders.} (39... Rxc4 40. Rh5 Ra4 (
40... g6 {Meulders} 41. Ra5 Rc1+ 42. Kd2 Rh1 43. Rxa7 Rxh3 44. Ra4 Kg5 $19) 41.
Rf5+ Ke6 42. Rxf4 g5 43. Rf8 Rxa3 $19) (39... Ke5 $19) (39... Ra5 $19) (39...
Ke5 $1 {Meulders} 40. Ke2 Kd4 $19) 40. Rxh6 Kg7 $4 {[%mdl 4096] '?' Meulders.
White gets a small present from white with this move- now the game is drawn.} (
40... Rxc4 41. Rh8 (41. Rh7 Ra4 $19) 41... e3 $1 {[%cal Rc4c1]} (41... Kg5 {
Meulders} 42. Re8 Ra4 $19) (41... Ra4 42. h4 Rxa3 43. Rf8+ Ke5 44. Re8+ Kd5 $17
) 42. fxe3 Re4 43. Rf8+ Kg5 $19) 41. Rh4 {[%cal Gg4g5]} Rxc4 (41... Kf6 42. Rh7
Ra5 43. c5 $11) (41... g5 42. Rh5 {[%cal Rh3h4]}) 42. g5 f3 43. Rf4 {The
king-g7 stays in out of play.} Rd4 44. Rf6 a5 45. Ra6 a4 46. h4 Kf7 (46... Kf7
47. Rf6+ Kg7 (47... Ke7 48. Rxg6 Rd3 49. h5 $16) 48. Ra6 $11) 1/2-1/2